| 000 | 00906 a2200253 4500 | ||
|---|---|---|---|
| 005 | 20140903175012.0 | ||
| 008 | 140124s1997 xxuad frn 001 0 eng d | ||
| 020 | _a0801432421 | ||
| 020 | _a9780801483219 | ||
| 040 |
_aCO-BoUCM _bspa _cJavier Garzón (modificó) _dHenry Ríos (modificó) |
||
| 041 | 0 | 0 | _aeng |
| 245 | 0 | 0 |
_aReworking Class _ceditado por John R. Hall |
| 260 |
_aIthaca (Nueva York, Estados Unidos) _bCornell University press _c1997 |
||
| 300 |
_axii, 408 páginas _bcuadros, gráficas |
||
| 504 | _aIncluye referencias bibliográficas e índices | ||
| 650 | 7 |
_aClases sociales _911000 |
|
| 650 | 7 |
_aEstructura social _915153 |
|
| 650 | 7 |
_aMovimientos sociales _919847 |
|
| 650 | 7 |
_aPoder (Ciencias sociales) _954158 |
|
| 690 |
_942914 _aSociología |
||
| 700 | 1 |
_aHall, John R. _eeditor _954193 |
|
| 942 |
_cLIBRO _a5 _e1 _mR454 _2DEWEY _h305.5 |
||
| 999 |
_c183693 _d183693 |
||